000 00369pab a2200157 454500
008 180718b2000 xxu||||| |||| 00| 0 eng d
100 _aAssissi, Charles
245 _aCover to E-cover
260 _c2000
300 _ap.60-61
362 _a10 Oct
650 _aInformation technology
650 _aElectronic commerce
773 _aBusiness World
909 _a46323
999 _c46323
_d46323